• 首页
  • 本馆介绍
  • 公告通知
  • 最新文献
  • 馆藏检索
  • 电子资源
  • 读者导购
  • 参考咨询
  • 我的图书馆
  • 登录
  • 详细信息显示
  • 放入我的书架
  • 预约/预借图书
  • 作者相关作品
  • 分类相关作品
  • 丛书相关作品
  • 出版社相关作品

书目信息

  • 表格格式
  • 工作单格式
  • 卡片格式
题名:
中学语文教学研究资料
    
 
作者: ;北京师范大学中文系中学语文教学研究室 , 北京师范学院中文系中学语文教学研究室 编
分册: 第一册(二)  
出版信息: 北京   北京师范大学  不详
页数: 242页
开本: 20cm
丛书名:
单 册:
中图分类: H09
科图分类:
主题词: 语言教学
电子资源:
ISBN:
000 00966nam0 2200193 45
001 0210230878
005 20060509150732.37
010    @dCNY2.10
100    @a20021023d不详 km y0chiy0120 ea
101 0  @achi
200 1  @a中学语文教学研究资料@AZhong Xue Yu Wen Jiao Xue Yan Jiu Zi Liao@h第一册(二)@f北京师范大学中文系中学语文教学研究室,北京师范学院中文系中学语文教学研究室编@Fbei jing shi fan da xue zhong wen xi zhong xue yu wen jiao xue yan jiu shi,bei jing shi fan xue yuan zhong wen xi zhong xue yu wen jiao xue yan jiu shi bian
210    @a北京@c北京师范大学@d不详
215    @a242页@d20cm
606 0  @a语言教学
690    @aH09@v3
711 02 @a北京师范大学中文系中学语文教学研究室@Abei jing shi fan da xue zhong wen xi zhong xue yu wen jiao xue yan jiu shi@4编
711  0 @a北京师范学院中文系中学语文教学研究室@Abei jing shi fan xue yuan zhong wen xi zhong xue yu wen jiao xue yan jiu shi@4编
801    @aCN@bTSTC@c20060509
905    @dH09@e10:1(2)@f2@b19448-449
    
    中学语文教学研究资料.第一册(二)/北京师范大学中文系中学语文教学研究室,北京师范学院中文系中学语文教学研究室编.-北京:北京师范大学,不详
    242页;20cm
    
    
    ISBN :CNY2.10
    
●
相关链接 在E读中查询图书 在五车中查询图书 在当当中查询图书 在豆瓣中查询图书


正题名:中学语文教学研究资料     索取号:H09/10:1(2)         预约/预借

序号 登录号 条形码 馆藏地/架位号 状态 备注
1 0019442   202193438   密集书库/ [索取号:H09/10:1(2)] 在馆    
2 0019443   202193884   密集书库/ [索取号:H09/10:1(2)] 在馆    
3 0019445   202318697   密集书库/ [索取号:H09/10:1(2)] 在馆    
4 0019448   001720962   密集书库/ [索取号:H09/10:1(2)] 在馆    
5 0019449   001720917   密集书库/ [索取号:H09/10:1(2)] 在馆    
6 0021419   202318722   密集书库/ [索取号:H09/10:1(2)] 在馆    
唐山师范学院图书馆 欢迎您!
大连网信软件有限公司© 版权所有